| 000 | 00718nam a22001697a 4500 | ||
|---|---|---|---|
| 010 | _aHIN-128782 | ||
| 020 |
_c495.00 _a9789355181688 |
||
| 035 | _aHN-101128 | ||
| 037 | _bDBAD/PUB | ||
| 082 | _a823.08 | ||
| 100 |
_aपालीवाल,सूरज _974803 |
||
| 245 |
_aइक्कीसवी सदी का दूसरा दशक और हिंदी उपन्यास / _cसूरज पालीवाल |
||
| 260 |
_aदिल्ली _bवाणी प्रकाशन _c202 |
||
| 270 |
_a4695 21-A दरिया गंज _bदिल्ली _e110002 |
||
| 300 |
_a283पृ. _c22सेमी (अजिल्द) |
||
| 942 |
_2ddc _cHN _h823.08 _mपालीवा |
||
| 999 |
_c207225 _d207225 |
||